000 00984nam a22003137a 4500
001 BR7310119
003 BR-BrBNA
005 20230928084149.0
007 ta
008 230509b bl.||||| |||| 00| 0 por d
040 _aBR-BrBNA
_bpor
_cBiblioteca Nacional de Agricultura
041 _a(Por)
072 _aE70
_b0100
090 _ 0100 BR7310119
100 1 _aIanley, W.T.
100 1 _aNelson, P.E.
110 1 _aAssociacao Internacional de Economistas Agricolas, Sao Paulo, SP (Brasil)
_9635
111 1 _a15. Congresso Internacional de Economistas Agricolas
_cSao Paulo, SP (Brazil)
_d20 Aug 1973
245 1 _aResumo de ensaios contribuidos para a sessao n. 2 [Cereal; Mercado internacional; Preco]
260 3 _aSao Paulo, SP (Brasil):
_c1973.
300 _a8 p.
650 _aComercializacao
650 _aCereal
650 _aMercado internacional
650 _aPolitica comercial
650 _aPreco
909 _a202309
_bLucia
_c55
_dLucia Elande
942 _cBK
999 _c17236
_d17236